|
|
|
|
| LEADER |
00000nam0a2200000 4500 |
| 001 |
130154 |
| 005 |
20250822093311.0 |
| 010 |
|
|
|a 5278001747
|
| 035 |
|
|
|a (RuTPU)RU\TPU\book\140956
|
| 090 |
|
|
|a 130154
|
| 100 |
|
|
|a 20080131d1990 m y0rusy5003 ca
|
| 101 |
0 |
|
|a rus
|
| 102 |
|
|
|a RU
|
| 105 |
|
|
|a a z 000zy
|
| 200 |
1 |
|
|a Соревнования туристов
|e пешеходный туризм
|f Э. Н. Кодыш
|
| 210 |
|
|
|a Москва
|c Физкультура и спорт
|d 1990
|
| 215 |
|
|
|a 175 с.
|c ил.
|
| 333 |
|
|
|a Исключено из фонда НТБ ТПУ
|
| 610 |
1 |
|
|a туризм
|
| 610 |
1 |
|
|a соревнования
|
| 610 |
1 |
|
|a пешеходный туризм
|
| 610 |
1 |
|
|a дистанции
|
| 610 |
1 |
|
|a этапы
|
| 610 |
1 |
|
|a подготовка соревнований
|
| 610 |
1 |
|
|a комплектование команд
|
| 610 |
1 |
|
|a подготовка команд
|
| 610 |
1 |
|
|a техника
|
| 610 |
1 |
|
|a тактика
|
| 610 |
1 |
|
|a снаряжение
|
| 610 |
1 |
|
|a оборудование полигона
|
| 610 |
1 |
|
|a скалодромы
|
| 610 |
1 |
|
|a судейство соревнований
|
| 675 |
|
|
|a 796
|
| 700 |
|
1 |
|a Кодыш
|b Э. Н.
|g Эмиль Наумович
|4 070
|
| 801 |
|
0 |
|a RU
|b RuMRKP
|c 19950417
|g psbo
|
| 801 |
|
1 |
|a RU
|b 63413507
|c 20080131
|g PSBO
|
| 801 |
|
2 |
|a RU
|b 63413507
|c 20080131
|g PSBO
|
| 942 |
|
|
|c BK
|